| 000 | 00982nam a2200253Ia 4500 | ||
|---|---|---|---|
| 003 | OSt | ||
| 005 | 20221005112301.0 | ||
| 006 | a|||||r|||| 00| 0 | ||
| 007 | ta | ||
| 008 | 221004b |||||||| |||| 00| 0 pan d | ||
| 020 |
_a9788178563084 (hbk) _cINR 200.00 |
||
| 024 | _a33130 | ||
| 037 |
_b785, 27/02/2017, H.K. Prakashan _cTextual |
||
| 040 |
_aCRL _cCRL _bpan |
||
| 041 |
_2pan _apan |
||
| 082 | _aQ8441:33:g, 153Q3 | ||
| 100 |
_aਬ੍ਰਹਮਜਗਦੀF ਸਿੰਘ, ਂਚ. _9160088 |
||
| 245 | 0 |
_aਸਿਧ ਗੋਸਟਿ _b ਪਾਠ, ਪ੍ਰਸੰਗ ਅਤੇ ਪ੍ਰਵਚਨ |
|
| 260 |
_aਅੰਮ੍ਰਿਤਸਰ _bਵਾਰਿਸ Fਾਹ ਖ਼ਾਉ੍ਵਡੇFਨ ਭਾਰਤ _c2013 |
||
| 300 |
_a144ਪ੍ਰ0 _ccm. |
||
| 650 |
_a ਸਿੱਖ ਧਰਮ _9156314 |
||
| 942 |
_hQ8441:33:g, 153Q3 _cTEXL _2cc |
||
| 999 |
_c1024413 _d1024413 |
||